Histoire de la conquéte du Mexique, ou de la Nouvelle Espagne (Record no. 4397)

MARC details
000 -CABECERA
campo de control de longitud fija 00904nam a2200265 a 4500
001 - NÚMERO DE CONTROL
campo de control BRCA_4697
005 - FECHA Y HORA DE LA ÚLTIMA TRANSACCIÓN
campo de control 20190320204753.0
008 - DATOS DE LONGITUD FIJA--INFORMACIÓN GENERAL
campo de control de longitud fija 101208s1691----fr-#---###---#000-0#fre-u
041 ## - CÓDIGO DE LENGUA
Código de lengua del texto/banda sonora o título independiente fre
044 ## - CÓDIGO DEL PAÍS DE LA ENTIDAD EDITORA/PRODUCTORA
Código MARC del país fr
050 #4 - SIGNATURA TOPOGRÁFICA DE LA BIBLIOTECA DEL CONGRESO
Número de clasificación F1230
Número de documento/Ítem .S65 2
-- 1691
100 1# - ENTRADA PRINCIPAL--NOMBRE DE PERSONA
Nombre de persona Solis y Rivadeneyra, Antonio de
Fechas asociadas al nombre 1610-1686
9 (RLIN) 11918
245 10 - MENCIÓN DE TÍTULO
Título Histoire de la conquéte du Mexique, ou de la Nouvelle Espagne
Mención de responsabilidad, etc. traduite de l´espagnol de don Antoine de Solis.
260 ## - PUBLICACIÓN, DISTRIBUCIÓN, ETC.
Lugar de publicación, distribución, etc. París
Nombre del editor, distribuidor, etc. Chez Jeremie Bouillerot
Fecha de publicación, distribución, etc. 1691
300 ## - DESCRIPCIÓN FÍSICA
Extensión 630 p.
Otras características físicas il. 13 láminas, mapas
Dimensiones 23 cm.
500 ## - NOTA GENERAL
Nota general Incluye índice de las cosas más notables de este libro
500 ## - NOTA GENERAL
Nota general Con ex-libris de: American Chamber of Commerce
500 ## - NOTA GENERAL
Nota general Estado físico: Encuadernación deteriorada
500 ## - NOTA GENERAL
Nota general Fondo reservado
500 ## - NOTA GENERAL
Nota general Ejemplar igual a B10
500 ## - NOTA GENERAL
Nota general CG11
651 #4 - PUNTO DE ACCESO ADICIONAL DE MATERIA--NOMBRE GEOGRÁFICO
Nombre geográfico México
Subdivisión general Historia
9 (RLIN) 614
902 ## - CATALOGADOR
Iniciales GFM
942 ## - ELEMENTOS DE PUNTO DE ACCESO ADICIONAL (KOHA)
Fuente del sistema de clasificación o colocación Library of Congress Classification
Tipo de ítem Koha Libros
Holdings
Estado de retiro Estado de pérdida Estado dañado No para préstamo Localización permanente Ubicación/localización actual Fecha de adquisición Número de inventario Total de préstamos Signatura topográfica completa Código de barras Fecha visto por última vez Precio válido a partir de Tipo de ítem Koha
El ejemplar forma parte de la colección y puede ser consultado según las políticas vigentes.       Biblioteca del Museo Franz Mayer (Rogerio Casas-Alatriste) Biblioteca del Museo Franz Mayer (Rogerio Casas-Alatriste) 01/10/2010 CG11   F1230 .S65 2 1691 (CG11) 4715 22/03/2019 22/03/2019 Libros